| 000 | 01724nam a2200121Ia 4500 | ||
|---|---|---|---|
| 008 | 220615s9999||||xx |||||||||||||| ||und|| | ||
| 100 | _aKoehler, Karsten||Drenowatz, Clemens | ||
| 245 | 0 | _aIntegrated Role of Nutrition and Physical Activity for Lifelong Health | |
| 546 | _aEnglish[eng] | ||
| 650 | _an/a||sport games||compensatory eating||breath test||exercise-induced anorexia||Fitbit||nutrition education||senescence||body weight||sport nutrition||fitness||long-term follow-up||self-efficacy||protein||food consumption||cytokines||physical exercise||cardiometabolic health||mediation analyses||obesity||food choice||telomere length||sporting events||carbohydrates||free radicals||marathon||adolescents||movement skills||naturally enriched 13C-milk proteins||behavioral intervention||acute exercise||skeletal muscle damage||Protein||TERRA||nutrition||telemonitoring||Latino||adolescent||macronutrients||metabolism||mechanisms of impact||anabolic competence||endurance exercise||food healthiness||exercise||health promotion||behavioral economics||immunity||stunting||lifestyle intervention||running||telomerase||dietary intake||inflammation||vegetarian||recreational athlete||physical performance||out-of-home eating||diet||overweight||dietary restriction||soccer||dual burden of malnutrition||protein shake||childhood memories||chronic diseases||music events||oxidation||added sugar||lifestyle change||vegan||nudges||food||physical activity||half-marathon||health conscious||free or reduced lunch||low-income||diet quality||National School Lunch Program||older adults||aging||sport spectators||chronic low-grade systemic inflammation||sport||food intake | ||
| 856 | _uhttps://mdpi.com/books/pdfview/book/1430 | ||
| 942 | _cEB | ||
| 999 |
_c17464 _d17464 |
||